Bỉ võ “ Những ngày thơ ấu”
Na minha lista:
| Formato: | Livro |
|---|---|
| Publicado em: |
2005
|
| Tags: |
Adicionar Tag
Sem tags, seja o primeiro a adicionar uma tag!
|
| Thư viện lưu trữ: | Mạng thư viện Đại học Đà Nẵng |
|---|
| LEADER | 00449nam a22001811a 4500 | ||
|---|---|---|---|
| 001 | 000040845 | ||
| 003 | 17140 | ||
| 005 | 20160412023659.0 | ||
| 008 | 160412s2005 000 | ||
| 082 | |a V(23)36-38 | ||
| 245 | |a Bỉ võ “ Những ngày thơ ấu” |c Nguyên Hồng | ||
| 260 | |c 2005 | ||
| OWN | |a LNN | ||
| 999 | |a From the UDN01 | ||
| TYP | |a Monograph | ||
| 980 | |a Mạng thư viện Đại học Đà Nẵng | ||